[Event "Lichtenrader Herbst"]
[Site "Berlin"]
[Date "2013.10.04"]
[Round "7.9"]
[White "Schnabel, Ralf"]
[Black "Kirchhof, Arno"]
[Result "1/2-1/2"]
[WhiteElo "2228"]
[BlackElo "2069"]
[PlyCount "88"]
[EventDate "2013.??.??"]
[WhiteTeam "ESV Nickelhütte Aue"]
[BlackTeam "SC Zugzwang 95 e.V."]

1. e4 e6 2. d4 d5 3. Nd2 c5 4. Ngf3 Nc6 5. exd5 exd5 6. Bb5 Bd6 7. dxc5 Bxc5 8.
Nb3 Bd6 9. O-O $2 Nge7 10. Bg5 O-O $2 11. Re1 Bg4 12. c3 a6 13. Bd3 h6 14. Bh4
Qb6 15. Bg3 Bxg3 16. hxg3 Rad8 17. Qd2 Bxf3 18. gxf3 Rd6 19. Qe3 Qxe3 20. fxe3
Ne5 21. Be2 Nc4 22. Bxc4 dxc4 23. Nd4 Rfd8 24. Kf2 Nc6 25. f4 h5 26. Kf3 g6 27.
g4 hxg4+ 28. Kxg4 Kg7 29. Rh1 Re8 30. Kf3 Nxd4+ 31. cxd4 Rde6 32. Rae1 f5 33.
Re2 Kf6 34. Rh7 R6e7 35. Rxe7 Rxe7 36. Rh2 Rc7 37. Rh8 c3 38. bxc3 Rxc3 39.
Rf8+ Ke6 40. Rg8 Kf6 41. Rb8 Ra3 42. Rxb7 Rxa2 43. Rb6+ Kf7 44. Rb7+ Kf6
1/2-1/2

[Event "Lichtenrader Herbst"]
[Site "Berlin"]
[Date "2013.10.04"]
[Round "7.10"]
[White "Major, Vitalij"]
[Black "Reichenbach, Werner"]
[Result "1/2-1/2"]
[WhiteElo "2164"]
[BlackElo "2290"]
[PlyCount "21"]
[EventDate "2013.??.??"]
[WhiteTeam "SC Kreuzberg e.V."]
[BlackTeam "SC Oberkrämer"]

1. d4 Nf6 2. c4 e6 3. Nf3 b6 4. g3 Bb7 5. Bg2 Be7 6. O-O $2 O-O $2 7. Nc3 Ne4
8. Qc2 Nxc3 9. Qxc3 Bf6 10. Qc2 Nc6 11. Rd1 1/2-1/2

[Event "Lichtenrader Herbst"]
[Site "Berlin"]
[Date "2013.10.04"]
[Round "7.12"]
[White "Kollberg, Lothar"]
[Black "Stigar, Petter"]
[Result "1/2-1/2"]
[WhiteElo "2195"]
[BlackElo "2239"]
[PlyCount "20"]
[EventDate "2013.??.??"]
[WhiteTeam "SC Rotation Pankow e.V."]

1. d4 Nf6 2. c4 e6 3. Nc3 Bb4 4. e3 O-O $2 5. Bd3 d5 6. Nf3 b6 7. O-O $2 Bb7 8.
cxd5 exd5 9. Bd2 Re8 10. Rc1 a6 1/2-1/2

[Event "Lichtenrader Herbst"]
[Site "Berlin"]
[Date "2013.10.04"]
[Round "7.16"]
[White "Rettore, Ludwig"]
[Black "Cirkovic, Rade"]
[Result "1-0"]
[WhiteElo "2113"]
[BlackElo "1945"]
[PlyCount "127"]
[EventDate "2013.??.??"]
[BlackTeam "SK Dragojle Babic"]

1. e4 e5 2. Nf3 Nc6 3. Bb5 a6 4. Ba4 Nf6 5. O-O $2 d6 6. Re1 b5 7. Bb3 Be7 8.
c3 Na5 9. Bc2 c5 10. d4 Bg4 11. Nbd2 Qc7 12. h3 Bh5 13. a4 O-O $2 14. d5 Rfc8
15. Nf1 Nd7 16. Ng3 Bg6 17. h4 h6 18. h5 Bh7 19. Nh2 Qd8 20. Qg4 Kh8 21. Nf5
Bxf5 22. exf5 Nf6 23. Qf3 Nh7 24. f6 Bxf6 25. Ng4 Bg5 26. Qxf7 Bxc1 27. Qf5 Qg8
28. Raxc1 Rf8 29. Qg6 Nf6 30. Nxf6 Rxf6 31. Qe4 Rf4 32. Qg6 Rf6 33. Qd3 c4 34.
Qe4 Raf8 35. axb5 Rf4 36. Qe3 axb5 37. Ra1 Nb7 38. Ra6 Qf7 39. Bg6 Qf6 40. Re2
Nc5 41. Qxc5 dxc5 42. Rxf6 gxf6 43. d6 Rd8 44. Rd2 Rd4 45. cxd4 cxd4 46. f4
Rxd6 47. Kf2 Kg7 48. Kf3 d3 49. fxe5 fxe5 50. Ke4 Kf6 51. Rf2+ Kg5 52. Ke3 Rd5
53. Kd2 b4 54. Bf7 Rc5 55. Bg6 Kg4 56. b3 Kg3 57. Rf1 Kxg2 58. Re1 c3+ 59. Kxd3
Kf3 60. Rf1+ Kg2 61. Re1 Kf3 62. Kc2 Kf4 63. Re4+ Kf3 64. Rxb4 1-0

[Event "Lichtenrader Herbst"]
[Site "Berlin"]
[Date "2013.10.04"]
[Round "7.18"]
[White "Salz, Matthias"]
[Black "Bruun, Henrik Emil"]
[Result "1-0"]
[WhiteElo "1731"]
[BlackElo "2092"]
[PlyCount "119"]
[EventDate "2013.??.??"]
[WhiteTeam "SV Empor Berlin e.V."]

1. c4 Nf6 2. g3 g6 3. Bg2 d6 4. Nc3 Bg7 5. d4 O-O $2 6. Nf3 c5 7. O-O $2 Nc6 8.
dxc5 dxc5 9. Qxd8 Rxd8 10. Be3 Nd7 11. Rad1 Rb8 12. Ng5 Nd4 13. Bxd4 cxd4 14.
Nd5 e6 15. Ne7+ Kf8 16. Nxc8 Rdxc8 17. b3 Ke7 18. e3 h6 19. Ne4 f5 20. exd4
fxe4 21. Bxe4 g5 22. Rfe1 Rf8 23. d5 e5 24. b4 b6 25. d6+ Kd8 26. Rc1 Nf6 27.
c5 bxc5 28. bxc5 Nxe4 29. Rxe4 Kd7 30. Ra4 Ra8 31. Ra6 Rfc8 32. Rb1 Bf8 33.
Rb7+ Kd8 34. c6 h5 35. Rh7 Bxd6 36. Rd7+ Ke8 37. Rxd6 Ke7 38. Rg6 Rg8 39. Rxg8
Rxg8 40. Rxa7+ Kd6 41. Rh7 Kxc6 42. Rxh5 Kd5 43. Kf1 Ke4 44. Kg2 g4 45. a4 Ra8
46. Rg5 Kd3 47. Rxg4 e4 48. Rf4 Ra5 49. h4 Rc5 50. Kh3 Rc4 51. h5 Rd4 52. g4
Kc4 53. Kh4 Kd5 54. a5 Ke5 55. Rf5+ Ke6 56. h6 Rd1 57. Kg5 Rh1 58. Kg6 Rh4 59.
g5 Rh3 60. h7 1-0

[Event "Lichtenrader Herbst"]
[Site "Berlin"]
[Date "2013.10.04"]
[Round "7.19"]
[White "Jaeschke, Jens-Uwe"]
[Black "Schmidek, Emil"]
[Result "0-1"]
[WhiteElo "2135"]
[BlackElo "1940"]
[PlyCount "126"]
[EventDate "2013.??.??"]
[WhiteTeam "Sfr.Nord-Ost Berlin"]
[BlackTeam "TuS Makkabi Berlin e.V."]

1. e4 e5 2. Nf3 Nc6 3. Bb5 a6 4. Bxc6 dxc6 5. O-O $2 Bg4 6. h3 h5 7. d3 Qf6 8.
Be3 Bxf3 9. Qxf3 Qxf3 10. gxf3 Bd6 11. Nd2 f6 12. Nc4 g5 13. d4 exd4 14. Bxd4
O-O-O 15. Rad1 Rh7 16. Rd3 Rf7 17. Rfd1 Bf4 18. Be3 Rxd3 19. Rxd3 Bxe3 20. Nxe3
Ne7 21. f4 gxf4 22. Ng2 Ng6 23. Rf3 f5 24. e5 Nxe5 25. Rxf4 Ng6 26. Rc4 Rd7 27.
Kf1 Kd8 28. Ke2 Ke7 29. Nh4 Kf6 30. Nxg6 Kxg6 31. Kf3 Rd5 32. Rc3 Kg5 33. Rc4
Rd2 34. Ke3 Rd1 35. Kf3 Rd5 36. Ke3 a5 37. Kf3 c5 38. a4 b6 39. b3 Rd1 40. Kg3
Rd2 41. Kf3 Kf6 42. Ke3 Rd1 43. Kf3 Kg5 44. Kg3 h4+ 45. Kf3 Rd5 46. Ke3 c6 47.
Kf3 Rd4 48. Rc3 f4 49. Ke2 Kf6 50. Rf3 Ke5 51. Rc3 Ke4 52. Ke1 f3 53. Re3+ Kf4
54. Rc3 Re4+ 55. Kf1 Rd4 56. Ke1 Re4+ 57. Kf1 c4 58. bxc4 c5 59. Kg1 Re1+ 60.
Kh2 Rf1 61. Rb3 Rxf2+ 62. Kg1 Rxc2 63. Rxb6 Rxc4 0-1

[Event "Lichtenrader Herbst"]
[Site "Berlin"]
[Date "2013.10.04"]
[Round "7.20"]
[White "Hahlbohm, Matthias"]
[Black "Schmalzried, Volker"]
[Result "1/2-1/2"]
[WhiteElo "2125"]
[BlackElo "1901"]
[PlyCount "103"]
[EventDate "2013.??.??"]
[WhiteTeam "TSG Oberschöneweide e.V."]

1. e4 c5 2. Nf3 Nc6 3. d4 cxd4 4. Nxd4 g6 5. Nc3 Bg7 6. Be3 Nf6 7. f3 O-O $2 8.
Bc4 d6 9. Qd2 Bd7 10. h4 h5 11. O-O-O a6 12. Rdg1 Rc8 13. Bb3 Na5 14. Kb1 Nxb3
15. cxb3 Qa5 16. Bg5 Qb4 17. Nde2 a5 18. e5 Bf5+ 19. Ka1 dxe5 20. g4 Rfd8 21.
Qe1 hxg4 22. Bxf6 Bxf6 23. fxg4 Be6 24. g5 Bg7 25. h5 gxh5 26. g6 Bg4 27. gxf7+
Kxf7 28. Qg3 Bf6 29. Qe3 Rg8 30. Rf1 Qc5 31. Qe4 b5 32. Ng3 Qd4 33. Qe1 a4 34.
Nxh5 Bxh5 35. Rxh5 axb3 36. Rxe5 Rce8 37. Nd5 Rg1 38. Nxf6 Rxf1 39. Qxf1 exf6
40. Rxb5 bxa2 41. Qh1 Qe4 42. Rb7+ Kg6 43. Qh7+ Kg5 44. Rb5+ f5 45. Qg7+ Kf4
46. Qh6+ Kg4 47. Qg6+ Kf4 48. Qd6+ Kg5 49. Qd2+ Kg6 50. Rb6+ Re6 51. Rxe6+ Qxe6
52. b4 1/2-1/2

[Event "Lichtenrader Herbst"]
[Site "Berlin"]
[Date "2013.10.05"]
[Round "8.1"]
[White "Gruzmann, Boris"]
[Black "Romanishin, Oleg M"]
[Result "1/2-1/2"]
[WhiteElo "2245"]
[BlackElo "2499"]
[PlyCount "58"]
[EventDate "2013.??.??"]
[WhiteTeam "SG Lasker Steglitz-Wilmersdorf"]

1. e4 e5 2. Nf3 Nc6 3. Bb5 a6 4. Ba4 Nf6 5. O-O Be7 6. Re1 d6 7. c3 Bg4 8. d3
Nd7 9. Nbd2 Nc5 10. Bc2 Ne6 11. h3 Bh5 12. Nf1 Bg5 13. Ng3 Bxf3 14. Qxf3 Bxc1
15. Raxc1 O-O 16. Rcd1 Kh8 17. Ne2 Qh4 18. d4 exd4 19. cxd4 Rae8 20. Qc3 Ne7
21. Qg3 Qxg3 22. Nxg3 d5 23. Bb3 c6 24. f3 g6 25. Ne2 Rd8 26. Nc3 Nc7 27. Na4
Ne6 28. Nc3 Nc7 29. Na4 Ne6 1/2-1/2

[Event "Lichtenrader Herbst"]
[Site "Berlin"]
[Date "2013.10.05"]
[Round "8.2"]
[White "Graf, Alexander"]
[Black "Glantz, Robert"]
[Result "1-0"]
[WhiteElo "2607"]
[BlackElo "2310"]
[PlyCount "67"]
[EventDate "2013.??.??"]
[WhiteTeam "USV Volksbank Halle"]
[BlackTeam "SC Kreuzberg e.V."]

1. d4 Nf6 2. c4 e6 3. Nc3 Bb4 4. e3 O-O 5. Bd3 d5 6. Nf3 c5 7. O-O dxc4 8. Bxc4
Nbd7 9. Qc2 a6 10. a4 cxd4 11. exd4 Qc7 12. Qb3 Bxc3 13. bxc3 b6 14. Be2 Bb7
15. c4 Ng4 16. g3 Rfe8 17. a5 b5 18. cxb5 axb5 19. Bf4 Qc6 20. Rfc1 Qe4 21.
Bxb5 Bd5 22. Qd1 Red8 23. Rc3 Kh8 24. Qe1 Qf5 25. Nh4 Qh5 26. h3 g5 27. hxg4
Qh6 28. Bd2 Qf6 29. Ng2 Qxd4 30. Bxg5 Rg8 31. Ra4 Qg7 32. Bf4 f6 33. Rc7 Qxg4
34. Ne3 1-0

[Event "Lichtenrader Herbst"]
[Site "Berlin"]
[Date "2013.10.05"]
[Round "8.3"]
[White "Lund, Silas Esben"]
[Black "Chatalbashev, Boris"]
[Result "0-1"]
[WhiteElo "2417"]
[BlackElo "2537"]
[PlyCount "140"]
[EventDate "2013.??.??"]

1. d4 d6 2. Nf3 Bg4 3. c4 Bxf3 4. exf3 c6 5. f4 g6 6. Nd2 Nf6 7. Nf3 Nbd7 8.
Bd3 Bg7 9. O-O e6 10. b3 O-O 11. Bb2 a5 12. a4 Qb6 13. Bc2 Rfd8 14. Qe2 d5 15.
c5 Qc7 16. Ne5 b6 17. cxb6 Qxb6 18. Rfc1 Bh6 19. Nd3 Qb8 20. g3 Rc8 21. Qe1 Bg7
22. b4 Ne4 23. Rab1 axb4 24. Nxb4 c5 25. dxc5 Bxb2 26. Rxb2 Nexc5 27. Ra1 Qc7
28. Nd3 Ra5 29. Nxc5 Rxc5 30. Bd3 e5 31. Bb5 exf4 32. Bxd7 Qxd7 33. a5 d4 34.
a6 f3 35. Rbb1 d3 36. a7 d2 37. Qd1 Qh3 38. Qxf3 Rc1+ 39. Qd1 Rxd1+ 40. Rxd1
Ra8 41. Rxd2 Kg7 42. Rd4 g5 43. Rb4 Qd7 44. Rba4 Kg6 45. R1a3 f6 46. Ra1 h6 47.
Ra6 h5 48. R6a4 Kf5 49. h3 Kg6 50. Kg2 Qd5+ 51. Kg1 Qf3 52. R4a3 Qf5 53. Kg2
Kg7 54. Ra4 Qd7 55. Ra5 Kh7 56. R5a4 Qb7+ 57. Kg1 Kg6 58. Ra5 f5 59. Ra6+ Kh7
60. R6a5 Qd7 61. R1a4 Kg7 62. Ra3 Qd1+ 63. Kg2 Qd7 64. Kg1 Qe6 65. R3a4 Kh7 66.
Ra3 h4 67. g4 fxg4 68. Rxg5 g3 69. Re3 gxf2+ 70. Kxf2 Qf6+ 0-1

[Event "Lichtenrader Herbst"]
[Site "Berlin"]
[Date "2013.10.05"]
[Round "8.4"]
[White "Mikkelsen, Nikolaj"]
[Black "Collins, Sam E"]
[Result "1-0"]
[WhiteElo "2412"]
[BlackElo "2475"]
[PlyCount "119"]
[EventDate "2013.??.??"]

1. e4 e5 2. Nf3 Nc6 3. d4 exd4 4. Nxd4 Bb4+ 5. c3 Be7 6. Nxc6 bxc6 7. Bd3 d6 8.
Nd2 Nf6 9. h3 O-O 10. O-O Re8 11. Nf3 h6 12. Re1 Bf8 13. e5 Nd5 14. a3 dxe5 15.
Rxe5 Be6 16. c4 Nb6 17. Qc2 Nd7 18. Re1 Qf6 19. Bd2 Bxh3 20. Be4 Bg4 21. Bc3
Qd6 22. Rad1 Qc5 23. b4 Qh5 24. c5 Re6 25. Bh7+ Kh8 26. Rxe6 Bxe6 27. Be4 Bd5
28. Bxd5 cxd5 29. Qa4 Nf6 30. Bxf6 gxf6 31. Qc6 Rc8 32. Qxd5 Qxd5 33. Rxd5 a5
34. Nd4 axb4 35. axb4 Kg7 36. g4 Kg6 37. Kg2 Re8 38. Rd7 Bg7 39. Kf3 Rc8 40.
Nf5 Bf8 41. Nh4+ Kg7 42. Nf5+ Kg6 43. Nh4+ Kg7 44. Ke4 Rb8 45. Rd4 c6 46. Kd3
Ra8 47. Re4 h5 48. Nf5+ Kg6 49. Nh4+ Kg5 50. Nf3+ Kg6 51. gxh5+ Kxh5 52. Nd4
Rc8 53. Re1 Bh6 54. Ra1 Kg4 55. Ra6 Bf4 56. Nxc6 f5 57. b5 Kf3 58. Ra2 Kg2 59.
Kc4 Bh2 60. f3+ 1-0

[Event "Lichtenrader Herbst"]
[Site "Berlin"]
[Date "2013.10.05"]
[Round "8.7"]
[White "Bekker-Jensen, David"]
[Black "Sawlin, Leonid"]
[Result "1-0"]
[WhiteElo "2321"]
[BlackElo "2071"]
[PlyCount "73"]
[EventDate "2013.??.??"]
[WhiteTeam "SK Norderstedt von 1975"]
[BlackTeam "TuS Makkabi Berlin e.V."]

1. d4 e6 2. c4 Nf6 3. Nc3 d5 4. cxd5 exd5 5. Bg5 c6 6. Qc2 h6 7. Bh4 Be7 8. e3
O-O 9. Bd3 Re8 10. Nf3 Nbd7 11. Bg3 Nf8 12. h3 Bd6 13. Ne5 a6 14. f4 Nh5 15.
Qf2 Qb6 16. O-O-O Nxg3 17. Qxg3 Qa5 18. Kb1 Bd7 19. Qf3 b5 20. g4 b4 21. Ne2
Reb8 22. Nc1 Qd8 23. h4 g6 24. Rdf1 Be8 25. f5 Qe7 26. f6 Qb7 27. e4 Bxe5 28.
dxe5 d4 29. Bc4 c5 30. Nd3 Qb6 31. Nf4 Bb5 32. Nd5 Qd8 33. Ne7+ Kh7 34. Bxf7
Ra7 35. h5 Rxe7 36. hxg6+ Nxg6 37. Rxh6+ 1-0

[Event "Lichtenrader Herbst"]
[Site "Berlin"]
[Date "2013.10.05"]
[Round "8.9"]
[White "Reichenbach, Werner"]
[Black "Bolk, Matthias"]
[Result "1-0"]
[WhiteElo "2290"]
[BlackElo "2045"]
[PlyCount "49"]
[EventDate "2013.??.??"]
[WhiteTeam "SC Oberkrämer"]
[BlackTeam "SV Senat"]

1. e4 c5 2. Nc3 e6 3. Bc4 Nc6 4. Nf3 a6 5. d4 cxd4 6. Nxd4 Bb4 7. O-O Nge7 8.
a3 Bxc3 9. bxc3 O-O 10. Nxc6 Nxc6 11. Bf4 f5 12. Bd6 Rf7 13. Bd3 f4 14. a4 Qf6
15. Qh5 g6 16. Qc5 Qh4 17. f3 g5 18. a5 Rf6 19. g3 fxg3 20. hxg3 Qh6 21. Kg2 e5
22. Bc4+ Kg7 23. Rh1 Qg6 24. Bxe5 d6 25. Qxd6 1-0

[Event "Lichtenrader Herbst"]
[Site "Berlin"]
[Date "2013.10.05"]
[Round "8.11"]
[White "Boettcher, Patrick"]
[Black "Noetzel, Felix"]
[Result "1-0"]
[WhiteElo "2176"]
[BlackElo "2081"]
[PlyCount "66"]
[EventDate "2013.??.??"]
[WhiteTeam "SC Zitadelle Spandau 1977 e.V."]
[BlackTeam "SF Berlin 1903 e.V."]

1. e4 e5 2. Nf3 Nc6 3. Bb5 f5 4. Nc3 fxe4 5. Nxe4 d5 6. Nxe5 dxe4 7. Nxc6 Qg5
8. Qe2 Nf6 9. f4 Qxf4 10. Nxa7+ Kd8 11. Nxc8 Kxc8 12. d4 Qf5 13. Rf1 Qd5 14. c3
Bd6 15. Bc4 Qa5 16. b4 Qb6 17. g3 Re8 18. Bg5 Ra3 19. Bb3 Qc6 20. Qb2 Ra8 21.
Bxf6 gxf6 22. a4 e3 23. b5 Qd7 24. Qe2 c5 25. O-O-O Qc7 26. Kb2 Kb8 27. Rxf6
Bf8 28. Rf7 Qd6 29. dxc5 Qxc5 30. Rdd7 Qa3+ 31. Kc2 Rxa4 32. Rxb7+ Ka8 33. Bd5
Qa1 1-0

[Event "Lichtenrader Herbst"]
[Site "Berlin"]
[Date "2013.10.05"]
[Round "8.13"]
[White "Schoene, Ralf"]
[Black "Salz, Matthias"]
[Result "1/2-1/2"]
[WhiteElo "2345"]
[BlackElo "1731"]
[PlyCount "76"]
[EventDate "2013.??.??"]
[WhiteTeam "TSG Neuruppin"]
[BlackTeam "SV Empor Berlin e.V."]

1. d4 Nf6 2. c4 g6 3. g3 Bg7 4. Bg2 O-O 5. Nc3 d6 6. Nf3 Nbd7 7. O-O e5 8. h3
exd4 9. Nxd4 Re8 10. e4 a6 11. Be3 Rb8 12. Qc2 Ne5 13. b3 c5 14. Nde2 b5 15.
Rad1 Qe7 16. cxb5 axb5 17. Nf4 Bb7 18. Nfd5 Nxd5 19. Nxd5 Bxd5 20. Rxd5 Nc6 21.
Qd1 Nd4 22. b4 Ra8 23. Bxd4 Bxd4 24. Qe2 Qe6 25. Qxb5 Rxa2 26. Qc6 Rd8 27. e5
Bxe5 28. bxc5 Qf6 29. Qc7 Rf8 30. Rd3 dxc5 31. Qxc5 Kg7 32. Bd5 Rb2 33. Rf3 Qd6
34. Qxd6 Bxd6 35. Rc1 Rb5 36. Bb3 f5 37. Rc6 Be5 38. Rd3 Rb7 1/2-1/2

[Event "Lichtenrader Herbst"]
[Site "Berlin"]
[Date "2013.10.05"]
[Round "8.14"]
[White "Giemsa, Stephan"]
[Black "Hahlbohm, Matthias"]
[Result "1-0"]
[WhiteElo "2321"]
[BlackElo "2125"]
[PlyCount "107"]
[EventDate "2013.??.??"]
[WhiteTeam "SK König Tegel 1949 e.V."]
[BlackTeam "TSG Oberschöneweide e.V."]

1. d4 d5 2. c4 e6 3. Nf3 Nf6 4. g3 Bb4+ 5. Bd2 Bxd2+ 6. Qxd2 O-O 7. Bg2 Nbd7 8.
O-O c6 9. Rc1 Ne4 10. Qc2 f5 11. Nbd2 Nxd2 12. Qxd2 Qf6 13. Qf4 h6 14. e3 Re8
15. Qd6 Qe7 16. Qxe7 Rxe7 17. cxd5 exd5 18. b4 Nf6 19. Ne5 Bd7 20. b5 Rc8 21.
bxc6 bxc6 22. Rab1 Be8 23. Nd3 Kf8 24. Rb3 Rec7 25. Bh3 g6 26. f3 Ke7 27. Nc5
Kd6 28. e4 dxe4 29. fxe4 Nxe4 30. Nxe4+ fxe4 31. Bxc8 Rxc8 32. Kf2 Bf7 33. Rb2
Bd5 34. Ke3 Rf8 35. Rf2 Rf3+ 36. Rxf3 exf3 37. a3 g5 38. g4 a6 39. Rb1 Kc7 40.
Rb2 a5 41. Rb1 Ba2 42. Rb2 Bd5 43. h4 gxh4 44. Rh2 Kb6 45. Rxh4 Kb5 46. Rxh6
Ka4 47. Rd6 Kxa3 48. Rxd5 cxd5 49. g5 a4 50. g6 Kb2 51. g7 a3 52. g8=Q a2 53.
Qb8+ Ka1 54. Kd2 1-0

[Event "Lichtenrader Herbst"]
[Site "Berlin"]
[Date "2013.10.05"]
[Round "8.15"]
[White "Stigar, Petter"]
[Black "Welz, Peter"]
[Result "1-0"]
[WhiteElo "2239"]
[BlackElo "2139"]
[PlyCount "83"]
[EventDate "2013.??.??"]
[BlackTeam "SV Empor Berlin e.V."]

1. d4 f5 2. Bg5 g6 3. Nc3 Bg7 4. Qd2 c5 5. dxc5 Qa5 6. e4 fxe4 7. Nge2 Na6 8.
Nxe4 Qxd2+ 9. Kxd2 Bxb2 10. Rb1 Bg7 11. N2c3 Nc7 12. Bc4 Nf6 13. Rhe1 Nxe4+ 14.
Nxe4 Ne6 15. Be3 Rf8 16. Bd5 Rb8 17. Rb3 Kd8 18. g4 Nd4 19. Bxd4 Bxd4 20. Rh3
d6 21. cxd6 exd6 22. Rxh7 Bxg4 23. Nxd6 Bc5 24. Nxb7+ Rxb7 25. Bxb7 Rxf2+ 26.
Kc3 Rxh2 27. Rh1 Rxh1 28. Rxh1 Bd7 29. Kc4 Bb6 30. Kb4 g5 31. c4 g4 32. c5 a5+
33. Kc4 Bc7 34. Bg2 g3 35. Rb1 Bf4 36. Rh1 Be3 37. Kd5 Be8 38. Rh7 Bb5 39. Rh4
Kc7 40. Rh7+ Kb8 41. c6 Bd3 42. c7+ 1-0

[Event "Lichtenrader Herbst"]
[Site "Berlin"]
[Date "2013.10.05"]
[Round "8.16"]
[White "Kollberg, Lothar"]
[Black "Moeller, Hendrik"]
[Result "0-1"]
[WhiteElo "2195"]
[BlackElo "2273"]
[PlyCount "116"]
[EventDate "2013.??.??"]
[WhiteTeam "SC Rotation Pankow e.V."]
[BlackTeam "SC Weisse Dame e.V."]

1. d4 d5 2. c4 e6 3. Nc3 c5 4. cxd5 exd5 5. Nf3 Nc6 6. g3 Nf6 7. Bg2 Be7 8. O-O
O-O 9. b3 Re8 10. Bb2 Bg4 11. dxc5 Bxc5 12. Nb5 Ne4 13. Nfd4 Qb6 14. h3 Bxe2
15. Qxe2 Nxd4 16. Nxd4 Bxd4 17. Bxd4 Qxd4 18. Rad1 Qc5 19. Qd3 Nc3 20. Rc1 Rac8
21. Kh2 b5 22. Bxd5 Red8 23. Qf3 Rd7 24. Bc4 b4 25. a4 g6 26. Rfe1 Kg7 27. h4
Rcc7 28. Qf4 Rd4 29. Qe3 Qd6 30. Bf1 Rxh4+ 31. Kg1 Rd4 32. Qe8 h5 33. Rc2 h4
34. Qe5+ Qxe5 35. Rxe5 Kf6 36. Re3 Rcd7 37. gxh4 Rxh4 38. Rf3+ Kg5 39. Bc4 f5
40. Kg2 Rdd4 41. Rg3+ Kf6 42. Bg8 Rh8 43. Bc4 Rc8 44. Ba6 Rc6 45. Bb5 Rcd6 46.
Bc4 g5 47. Rh3 Rg4+ 48. Rg3 Rh4 49. Rh3 Rxh3 50. Kxh3 Ke5 51. Kg2 Rd1 52. Kf3
g4+ 53. Kg2 f4 54. f3 g3 55. Bg8 Kd4 56. Bf7 Ke3 57. Bc4 Rd2+ 58. Rxd2 Kxd2 0-1

[Event "Lichtenrader Herbst"]
[Site "Berlin"]
[Date "2013.10.05"]
[Round "8.18"]
[White "Jahnz, Fabian"]
[Black "Shapiro, Yosip"]
[Result "1-0"]
[WhiteElo "2226"]
[BlackElo "2109"]
[PlyCount "57"]
[EventDate "2013.??.??"]
[WhiteTeam "SK König Tegel 1949 e.V."]
[BlackTeam "SV Berolina Mitte e.V."]

1. e4 c6 2. Ne2 d5 3. e5 Bf5 4. Ng3 Bg6 5. h4 h6 6. h5 Bh7 7. e6 Nf6 8. d4 fxe6
9. Bd3 Qa5+ 10. c3 Nbd7 11. Bxh7 Rxh7 12. Bf4 Qb6 13. Qc2 c5 14. Ne2 Rc8 15.
Nd2 cxd4 16. Qg6+ Kd8 17. cxd4 Rh8 18. O-O e5 19. dxe5 Ne8 20. e6 Ndf6 21. Nf3
Qxe6 22. Ne5 Nd6 23. Nd4 Qg8 24. Rac1 e6 25. Rxc8+ Kxc8 26. Rc1+ Kd8 27. Qc2
Nc4 28. Nxc4 dxc4 29. Qxc4 1-0

[Event "Lichtenrader Herbst"]
[Site "Berlin"]
[Date "2013.10.05"]
[Round "8.19"]
[White "Lerch, Philipp"]
[Black "Lagunow, Raphael"]
[Result "1-0"]
[WhiteElo "2163"]
[BlackElo "1969"]
[PlyCount "69"]
[EventDate "2013.??.??"]
[WhiteTeam "SK König Tegel 1949 e.V."]
[BlackTeam "SG Lasker Steglitz-Wilmersdorf"]

1. c4 c5 2. g3 g6 3. Bg2 Bg7 4. Nc3 Nc6 5. Nf3 d6 6. O-O Bd7 7. e3 Bxc3 8. bxc3
Qc8 9. d3 Bh3 10. e4 h5 11. Bxh3 Qxh3 12. Kh1 Nf6 13. Ng1 Qd7 14. h3 O-O-O 15.
Be3 Rhg8 16. f4 Nh7 17. Qf3 f5 18. Rad1 fxe4 19. Qxe4 Qf5 20. Qg2 Kc7 21. Nf3
Rdf8 22. d4 b6 23. Rfe1 Re8 24. dxc5 bxc5 25. Rd5 Qe4 26. Bxc5 Qxc4 27. Nd4 Nf6
28. Ne6+ Kd7 29. Rdd1 Rb8 30. Bg1 Nd8 31. Nc5+ Kc8 32. Rxe7 dxc5 33. Rd6 Ne4
34. Rxe4 Qf7 35. Re5 1-0

[Event "Lichtenrader Herbst"]
[Site "Berlin"]
[Date "2013.10.05"]
[Round "8.20"]
[White "Schnoor, Ekkehard"]
[Black "Dimitrijeski, Kristian"]
[Result "0-1"]
[WhiteElo "2091"]
[BlackElo "2187"]
[PlyCount "78"]
[EventDate "2013.??.??"]
[WhiteTeam "SG Grün-Weiß Dresden"]
[BlackTeam "SK König Tegel 1949 e.V."]

1. e4 c6 2. Nc3 d5 3. Nf3 Bg4 4. h3 Bxf3 5. Qxf3 Nf6 6. Be2 dxe4 7. Nxe4 Nxe4
8. Qxe4 Nd7 9. d4 Nf6 10. Qd3 e6 11. O-O Be7 12. c4 O-O 13. Bd2 Qb6 14. Bc3
Rad8 15. Qe3 Bb4 16. Rab1 Rd7 17. a3 Bxc3 18. bxc3 Qa5 19. Rb3 Qc7 20. c5 Nd5
21. Qe4 Nf6 22. Qe3 b5 23. cxb6 axb6 24. c4 Rfd8 25. Qe5 Qa7 26. Rd1 h6 27. Bf3
c5 28. Rbd3 Rxd4 29. Rxd4 Rxd4 30. Rxd4 cxd4 31. Qxd4 Qxa3 32. Qd8+ Kh7 33. Be2
Qa1+ 34. Bd1 Ne4 35. Kh2 Qe5+ 36. Kg1 Qc5 37. Kh2 Qxf2 38. Bf3 Ng5 39. Bc6 Qf4+
0-1

[Event "Lichtenrader Herbst"]
[Site "Berlin"]
[Date "2013.10.06"]
[Round "9.1"]
[White "Stern, Rene"]
[Black "Graf, Alexander"]
[Result "1/2-1/2"]
[WhiteElo "2509"]
[BlackElo "2607"]
[PlyCount "111"]
[EventDate "2013.??.??"]
[WhiteTeam "SK König Tegel 1949 e.V."]
[BlackTeam "USV Volksbank Halle"]

1. d4 Nf6 2. c4 e6 3. Nc3 Bb4 4. Bd2 O-O 5. Nf3 d5 6. e3 b6 7. Be2 Bb7 8. O-O
Bd6 9. Rc1 a6 10. Qb3 dxc4 11. Qxc4 Nbd7 12. Rfd1 b5 13. Qb3 c5 14. Be1 Qb8 15.
h3 Rc8 16. a3 b4 17. axb4 cxb4 18. Na4 Bd5 19. Bc4 Rxc4 20. Rxc4 Qb5 21. Rdc1
Bxc4 22. Rxc4 Nd5 23. Qc2 Nc5 24. b3 Nxa4 25. bxa4 Qb7 26. Ng5 Nf6 27. e4 b3
28. Qb1 h6 29. Nxf7 Kxf7 30. e5 Qe4 31. Qxe4 Nxe4 32. exd6 Rb8 33. d7 b2 34.
d8=Q Rxd8 35. Rb4 Rxd4 36. Rb7+ Kf6 37. Rxb2 Rxa4 38. Re2 Kf7 39. Kh2 h5 40. f3
Nd6 41. g4 hxg4 42. hxg4 Nb5 43. Kg3 Kf6 44. f4 Ra3+ 45. Kg2 Nc7 46. Bh4+ Kf7
47. f5 Rc3 48. Bd8 a5 49. Bxc7 Rxc7 50. Rxe6 Ra7 51. g5 a4 52. g6+ Kf8 53. f6
gxf6 54. Rxf6+ Kg7 55. Rb6 a3 56. Rb1 1/2-1/2

[Event "Lichtenrader Herbst"]
[Site "Berlin"]
[Date "2013.10.06"]
[Round "9.2"]
[White "Chatalbashev, Boris"]
[Black "Gruzmann, Boris"]
[Result "1-0"]
[WhiteElo "2537"]
[BlackElo "2245"]
[PlyCount "169"]
[EventDate "2013.??.??"]
[BlackTeam "SG Lasker Steglitz-Wilmersdorf"]

1. d4 Nf6 2. c4 d6 3. Nc3 Bf5 4. g3 Nc6 5. Bg2 e5 6. d5 Nd4 7. e4 Bd7 8. Be3 c5
9. dxc6 Nxc6 10. Nge2 Be7 11. O-O O-O 12. h3 Be6 13. b3 Ne8 14. Qd2 g6 15. Rad1
Ng7 16. Kh2 a6 17. a4 Qa5 18. Nd5 Bxd5 19. cxd5 Qxd2 20. Bxd2 Nd8 21. Rc1 f5
22. f4 fxe4 23. Bxe4 Ne8 24. f5 Kg7 25. g4 Nf7 26. Ng3 Bh4 27. a5 Ng5 28. Bg2
Nf6 29. Rc7+ Rf7 30. Rxf7+ Kxf7 31. fxg6+ hxg6 32. Be1 Ngh7 33. Bb4 Ke7 34. Ne2
Rc8 35. Nc3 Bg5 36. Na4 Rc2 37. Nb6 Bf4+ 38. Kh1 Ng5 39. Nc4 Nf7 40. Kg1 g5 41.
Re1 Bg3 42. Rd1 Bf2+ 43. Kf1 Bd4 44. Bd2 Bc3 45. Be3 Ra2 46. Rc1 Ra1 47. Rxa1
Bxa1 48. Ke2 Bc3 49. Kd3 Bb4 50. Be4 Nxe4 51. Kxe4 Kf6 52. Bb6 Kg6 53. Ne3 Kf6
54. Nf5 Ba3 55. Kd3 Bc1 56. Bc7 Bf4 57. b4 Kg6 58. Ke4 Bd2 59. Nxd6 Bxb4 60.
Nxb7 Kf6 61. Nd8 Nd6+ 62. Bxd6 Bxd6 63. Nc6 Bc7 64. Kd3 Bd6 65. Kc4 Kf7 66. Kc3
Ke8 67. Kd3 Kf7 68. Ke4 Kf6 69. Nd8 Bb4 70. Nb7 Bc3 71. Kd3 Be1 72. Kc4 Bd2 73.
d6 Ke6 74. Nc5+ Kf7 75. Ne4 Bxa5 76. Nxg5+ Kf6 77. Ne4+ Ke6 78. Nc5+ Kf7 79.
Kd5 Kf6 80. Nxa6 Kg5 81. Kxe5 Bd8 82. Nc5 Kh4 83. Ne6 Ba5 84. d7 Kxh3 85. g5
1-0